| 000 | 00534nam a2200181Ia 4500 | ||
|---|---|---|---|
| 005 | 20260429112236.0 | ||
| 008 | 260429s9999||||xx |||||||||||||| ||und|| | ||
| 020 | _a9788177143027 | ||
| 041 | _aHindi | ||
| 082 |
_a891.432 _bSHA |
||
| 100 | _aशबनम, माया | ||
| 245 | 0 |
_aढाई आखर प्रेम / _cमाया शबनम |
|
| 250 | _a1st ed. | ||
| 260 |
_aनई दिल्ली : _bप्रकाशन संस्थान, _c2011. |
||
| 300 | _a656 p.; Hb | ||
| 650 | _aDrama | ||
| 942 | _cTB | ||
| 999 |
_c53074 _d53074 |
||